10-to-1 Literary Characters Quiz Stats

 Plays Quiz Updated May 30, 2016

Challenge
Share
Tweet
Embed
Score 0/55 Timer 06:00
0 Plays Today
% Correct
March Hare
94.5%
Caterpillar
94.1%
Hatter
93.4%
Dormouse
87.8%
Mock Turtle
87.4%
Peeta
82%
Beth
80.6%
Jo
78.9%
Dwalin
78.7%
Amy
78.4%
Gloin
77.1%
Balin
77%
Scout
76.6%
Meg
76%
Duchess
74.6%
Dodo
73.9%
Oin
73.6%
Fili
72.7%
Bombur
72.4%
Rue
71.4%
Kili
71.3%
Cato
70%
Lennie
69.7%
Nori
68%
Jem
67.5%
Piggy
67.3%
Inigo
66.3%
Ralph
66.2%
% Correct
George
62.5%
Thresh
62.3%
Dori
61.8%
Fezzik
60.9%
Foxface
60.8%
Vizzini
59.7%
Glimmer
59.5%
Clove
59.4%
Jack
58.4%
Arthur
53.3%
Zaphod
53.2%
Simon
53.1%
Roger
49.7%
Trillian
48.8%
Eric
46.5%
Sam
45.4%
Marvin
44.8%
Ford
42.7%
Slim
40.3%
Marvel
38.7%
Carlson
35.4%
Crooks
24.3%
Candy
23.2%
Oskar
19.6%
Bill
18.3%
Lory
17.7%
Pat
9.8%

You're not logged in!

Compare scores with friends on all Sporcle quizzes.
Join for Free
OR
Log In

You Might Also Like...

Show Comments

Extras

Top Quizzes Today


Score Distribution

Your Account Isn't Verified!

In order to create a playlist on Sporcle, you need to verify the email address you used during registration. Go to your Sporcle Settings to finish the process.

Report this User

Report this user for behavior that violates our Community Guidelines.

Details: